000
00298nam a2200121Ia 4500
008
190216s9999||||xx |||||||||||||| ||und||
100
_a
Menon K P K
245
0
_a
Selected Prose For Degree Classes
260
_b
Macmillan India Ltd
_c
1973
300
_a
181p
650
_a
English Prose
942
_c
BK
999
_c
12577
_d
12577